LEADER 00944nam0-2200313 --450 001 9910325358203321 005 20190619124143.0 017 70$a432350$2U 020 $aIT$b1957 3074 100 $a20190619d1957----kmuy0itay5050 ba 101 0 $aita 102 $aIT 105 $a 001yy 200 1 $a<>padroni della cittą$fLeone Cattani, Angelo Conigliaro, Eugenio Scalfari$ga cura di Angelo Conigliaro 210 $aBari$cLaterza$d1957 215 $aXIX, 186 p.$d21 cm 225 1 $aLibri del tempo Laterza$v39 610 0 $aItalia$aSviluppo economico$aSec. 20. 676 $a338.945009045$v21 700 1$aCattani,$bLeone$0235966 701 1$aScalfari,$bEugenio$f<1924- >$0119131 701 1$aConigliaro,$bAngelo$0419267 801 0$aIT$bUNINA$gREICAT$2UNIMARC 901 $aBK 912 $a9910325358203321 952 $aMTD 331$b584$fDARPU 959 $aDARPU 996 $aPadroni della cittą$952240 997 $aUNINA LEADER 01083nam 2200325Ia 450 001 996387711203316 005 20221108042313.0 035 $a(CKB)1000000000624937 035 $a(EEBO)2248580310 035 $a(OCoLC)12601031 035 $a(EXLCZ)991000000000624937 100 $a19850925d1672 uy | 101 0 $alat 135 $aurbn#|||a|bb| 200 10$aAntonii Le Grand, Institutio philosophię, secundum principia domini Renati Descartes$b[electronic resource] $enova methodo adornata & explicata, in usum juventutis academicę 210 $aLondini $cApud J. Martyn ...$d1672 215 $a[24], 470, [1] p 300 $aReproduction of original in Cambridge University Library. 330 $aeebo-0021 606 $aPhilosophy 615 0$aPhilosophy. 700 $aLe Grand$b Antoine$fd. 1699.$01003368 801 0$bEAA 801 1$bEAA 801 2$bm/c 801 2$bWaOLN 906 $aBOOK 912 $a996387711203316 996 $aAntonii Le Grand, Institutio philosophię, secundum principia domini Renati Descartes$92346904 997 $aUNISA